| 000 | 01605nam a2200265 a 4500 | ||
|---|---|---|---|
| 001 | 000000591 | ||
| 003 | OSt | ||
| 005 | 20220405104953.0 | ||
| 008 | 081209e19922007dr ac 000 0 spa d | ||
| 040 |
_aDO-SdBNP _bspa _cBNPHU |
||
| 082 |
_a305.4092 _bC397y, 1992 |
||
| 110 | 1 |
_aCIPAF (Organización) _91929 |
|
| 245 | 1 | 0 |
_aYo también soy de América : _bhistorias y mujeres de América hispana. |
| 250 | _a3a ed. | ||
| 260 |
_aSanto Domingo : _bSEEBAC : CIPAF, _c1992. |
||
| 300 |
_a108 p. : _bil., retr. ; _c24 cm. |
||
| 490 | 1 | _aEducación No Sexista | |
| 505 | 0 |
_tPresentación -- _t¿Quién también es América -- _tLa mujer en la América antigua -- _tLa mujer azteca -- Un día en el tianguis -- _tIsabel quería una nación unida y obtuvo un nuevo mundo para España -- _tLa mujer en la conquista y colonización española -- _tBajo el poder de los españoles -- _tAnacaona -- _tY vinieron a poblar a América -- _tYolanda Gutiérrez -- _tIguales en la esclavitud -- _tToña Reina no tiene carimbo -- _tLa independencia en Hispanoamérica -- _tLas heroínas olvidadas de la independencia -- _tPolicarpa Salavarrieta -- _tLas mujeres de América hispana luchan por sus derechos -- _tQué es la democracia -- _tJuana Inés de la Cruz -- _tAna Bentacourt de Mora -- _tCecilia Grierson -- _tLas trabajadoras textiles mexicanas -- _tEl feminismo en América hispana. |
|
| 590 | _aInventariado, 2018/VM | ||
| 650 | 4 |
_aMujeres _xHistoria _91930 |
|
| 650 | 4 |
_aMujeres en américa latina _91931 |
|
| 650 | 4 |
_aMujeres _xCondiciones sociales _xAmérica latina _91932 |
|
| 830 | 0 |
_aEducación No Sexista _91933 |
|
| 942 |
_2ddc _cLF1 |
||
| 999 |
_c589 _d589 |
||